000 00322 a2200157 4500
001 195147
020 _a9788551303863
040 _cMagnum
100 _aVeiga, José J.
240 1 0 _aQuarteto mágico
_l
245 1 0 _aQuarteto mágico
300 _a174
362 0 _a2018
697 _aLITERATURA GERAL
942 _cBK
999 _c195147
_d195147